000 00549nam a2200193Ia 4500
003 GCL
005 20240530105413.0
008 140319s9999 xx 000 0 ara d
020 _a9771100696
040 _aGCL /
_cGCL
082 0 4 _a813.03
_bن ا
100 1 _aنجيب محفوظ
245 1 0 _aامام العرش /
_cنجيب محفوظ
260 _aالقاهرة :
_bدار مصر للطباعة ،
_c1983
300 _a250 ص ؛
_c20 سم
650 0 4 _aالادب العربى
650 0 4 _aالقصص العربية
942 _2ddc
_cBK
999 _c55704
_d55704